000 00676nam a2200205Ia 4500
005 20250508163213.0
008 008 250505s9999 xx 000 0 eng d
037 _aTextual
040 _aFEDL
_beng
_cFEDL
041 _aeng
_2eng
084 _a371.26, PAY
_qFEDL
100 _aPayne David A Ed.
_9774901
245 0 _aEducation and psychological measurement : Contributions to theory and practice
260 _aNew Delhi, India
_bOxford and IBH Publishing Co.
_c1967
300 _ax,419p.
650 _aEducational - Test and Measurement
_9758070
700 _a McMorris Robert F Ed.
_9774902
942 _cTEXL
_h371.26, PAY
999 _c1381480
_d1381480